• 首页
  • 本馆介绍
  • 公告通知
  • 最新文献
  • 馆藏检索
  • 电子资源
  • 读者导购
  • 参考咨询
  • 我的图书馆
  • 登录
  • 详细信息显示
  • 放入我的书架
  • 预约/预借图书
  • 作者相关作品
  • 分类相关作品
  • 丛书相关作品
  • 出版社相关作品

书目信息

  • 表格格式
  • 工作单格式
  • 卡片格式
题名:
汉字字形研究
    
 
作者: 厉兵 主编
分册:  
出版信息: 北京   商务印书馆  2004
页数: 10,241页
开本: 21cm
丛书名: 汉字规范问题研究丛书
单 册:
中图分类: H123
科图分类:
主题词: 汉字--字形--研究--文集 , 字形 , 汉字
电子资源:
ISBN: 7-100-04092-2
000 00840oam2 2200277 45
001 060000020017
005 20051010093602.06
010    @a7-100-04092-2@dCNY15.00
100    @a20050216d2004 ekmy0chiy0120 ea
101 0  @achi
102    @aCN@b110000
105    @ay z 001yy
200 1  @a汉字字形研究@9han zi zi xing yan jiu@f厉兵主编@Fli bing zhu bian
210    @a北京@c商务印书馆@d2004
215    @a10,241页@d21cm
225 2  @a汉字规范问题研究丛书
320    @a有索引
330    @a本文集收录理论文章有《有关新字形的三个问题》、《汉字字形系统与印刷字形规范》、《新旧字形之间的微观差异》等。
461  0 @12001 @a汉字规范问题研究丛书
606 0  @a汉字@x字形@x研究@j文集
606 0  @a字形
606 0  @a汉字
690    @aH123@v4
701  0 @a厉兵@Ali bing@4主编
801  0 @aCN@bTSSF@c20051010
905    @a10447@dH123@e111
    
    汉字字形研究/厉兵主编.-北京:商务印书馆,2004
    10,241页;21cm.-(汉字规范问题研究丛书)
    
    
    ISBN 7-100-04092-2:CNY15.00
    本文集收录理论文章有《有关新字形的三个问题》、《汉字字形系统与印刷字形规范》、《新旧字形之间的微观差异》等。
●
相关链接 在E读中查询图书 在五车中查询图书 在当当中查询图书 在豆瓣中查询图书


正题名:汉字字形研究     索取号:H123/111         预约/预借

序号 登录号 条形码 馆藏地/架位号 状态 备注
1 0365375   3653754   第二样本阅览室/ [索取号:H123/111] 在馆    
2 0365376   3653763   第四借阅区/ [索取号:H123/111] 在馆    
3 0365377   3653772   第四借阅区/ [索取号:H123/111] 在馆    
4 0365378   3653781   第四借阅区/ [索取号:H123/111] 在馆    
5 0365379   3653790   第四借阅区/ [索取号:H123/111] 在馆    
欢迎您!
大连网信软件有限公司© 版权所有